Cost accounting: Methods and Problems (Record no. 119977)
[ view plain ]
| 000 -LEADER | |
|---|---|
| fixed length control field | 00472nam a2200193Ia 4500 |
| 003 - CONTROL NUMBER IDENTIFIER | |
| control field | OSt |
| 005 - DATE AND TIME OF LATEST TRANSACTION | |
| control field | 20230301142728.0 |
| 008 - FIXED-LENGTH DATA ELEMENTS--GENERAL INFORMATION | |
| fixed length control field | 210210b xxu||||| |||| 00| 0 eng d |
| 040 ## - CATALOGING SOURCE | |
| Transcribing agency | AL |
| 082 ## - DEWEY DECIMAL CLASSIFICATION NUMBER | |
| Classification number | 381/200 BHAC |
| 100 ## - MAIN ENTRY--PERSONAL NAME | |
| Personal name | BHAR, B K |
| 9 (RLIN) | 73735 |
| 245 ## - TITLE STATEMENT | |
| Title | Cost accounting: Methods and Problems |
| 260 ## - PUBLICATION, DISTRIBUTION, ETC. | |
| Place of publication, distribution, etc. | Calcutta |
| Name of publisher, distributor, etc. | Academic Publishers |
| 650 ## - SUBJECT ADDED ENTRY--TOPICAL TERM | |
| Topical term or geographic name entry element | Cost |
| 9 (RLIN) | 73736 |
| 650 ## - SUBJECT ADDED ENTRY--TOPICAL TERM | |
| Topical term or geographic name entry element | accounting |
| 9 (RLIN) | 73737 |
| 690 ## - LOCAL SUBJECT ADDED ENTRY--TOPICAL TERM (OCLC, RLIN) | |
| Topical term or geographic name as entry element | Commerce |
| 9 (RLIN) | 73738 |
| 906 ## - LOCAL DATA ELEMENT F, LDF (RLIN) | |
| a | 036500 |
| 942 ## - ADDED ENTRY ELEMENTS (KOHA) | |
| Source of classification or shelving scheme | Dewey Decimal Classification |
| Koha item type | Book |
| Withdrawn status | Lost status | Source of classification or shelving scheme | Damaged status | Not for loan | Collection code | Home library | Current library | Shelving location | Date acquired | Cost, normal purchase price | Total Checkouts | Full call number | Barcode | Date last seen | Price effective from | Koha item type |
|---|---|---|---|---|---|---|---|---|---|---|---|---|---|---|---|---|
| Dewey Decimal Classification | Commerce | St Aloysius Library | St Aloysius Library | UGC Book Bank | 02/17/2021 | 0.00 | 381/200 BHAC | 036500 | 02/17/2021 | 02/17/2021 | Book |